000 00694nam a22002537a 4500
001 BS2023000236
003 BR-BrBNA
005 20240828105141.0
008 240816b bl.||||| |||| 00| 0 por d
020 _a978-65-88523-89-6
040 _aBR-BrBNA
_bpor.
041 _apor.
072 _aD10
100 _4Org.
_aKepler, João
245 _aInquietos por natureza :
_bO sucesso é o resultado da dedicação incessante /
260 _aSão Paulo - SP :
_bGente Autoridade,
_c2023
300 _a224 p.
650 _aADMINISTRAÇÃO
650 _aEMPREENDEDORISMO
650 _aGESTÃO DE PESSOAS
909 _a202408
_bMaria Neves
942 _cBK
999 _c300923
_d300923